Northeast USA States and Capitals - Statistics

General Stats
  • This quiz has been taken 1,004 times
    997 since last reset
  • The average score is 9 of 11
Answer Stats
State Capital City % Correct
New York Albany
95%
Massachusetts Boston
91%
Maine Augusta
87%
Pennsylvania Harrisburg
84%
Delaware Dover
83%
Rhode Island Providence
83%
New Jersey Trenton
81%
Maryland Annapolis
80%
New Hampshire Concord
80%
Connecticut Hartford
80%
Vermont Montpelier
79%
No matching quizzes found
Score Distribution
Percent of People with Each Score
Percentile by Number Answered
Your Score History
You have not taken this quiz since the last reset